Chemically reacting flow

Sparad:
Bibliografiska uppgifter
Huvudupphovsman: Robert J. Kee
Materialtyp: Bok
Språk:Undetermined
Publicerad: New Jersey A John Wiley & Sons Publication 2003
Taggar: Lägg till en tagg
Inga taggar, Lägg till första taggen!
Thư viện lưu trữ: Trung tâm Học liệu Trường Đại học Cần Thơ
LEADER 00419nam a2200157Ia 4500
001 CTU_66463
008 210402s9999 xx 000 0 und d
020 |b 1784000 
082 |a 660.299 
082 |b K26 
100 |a Robert J. Kee 
245 0 |a Chemically reacting flow 
260 |a New Jersey 
260 |b A John Wiley & Sons Publication 
260 |c 2003 
980 |a Trung tâm Học liệu Trường Đại học Cần Thơ